[Event "33. Open Ciudad de San Sebastian"]
[Site "San Sebastián ESP"]
[Date "2010.04.01"]
[Round "6.37"]
[White "Korhonen, Pasi"]
[Black "Molina Rodriguez, Borja"]
[Result "0-1"]
[WhiteElo "2102"]
[BlackElo "1941"]
[PlyCount "120"]
[EventDate "2010.03.28"]
[EventType "swiss"]
[EventRounds "9"]
[EventCountry "ESP"]
[Source "lmi"]
[SourceDate "2010.03.28"]

1. e4 c5 2. Nf3 Nc6 3. d4 cxd4 4. Nxd4 Nf6 5. Nc3 e5 6. Ndb5 d6 7. Bg5 a6 8.
Na3 b5 9. Nd5 Be7 10. Bxf6 Bxf6 11. c3 O-O 12. Nc2 Bg5 13. h4 Bh6 14. g4 Bf4
15. Qf3 Be6 16. Nxf4 Qf6 17. g5 Qxf4 18. Qxf4 exf4 19. Nd4 Ne5 20. a4 Bc4 21.
b3 Nd3+ 22. Bxd3 Bxd3 23. f3 bxa4 24. Rxa4 Bb5 25. Ra5 Rab8 26. c4 Bxc4 27. Kd2
Bxb3 28. Rxa6 d5 29. e5 Bc4 30. Rc6 Rfe8 31. Re1 Rb2+ 32. Kc3 Rh2 33. Nf5 Rh3
34. Kd4 Rxf3 35. h5 Rd3+ 36. Kc5 f3 37. Nd6 Ra8 38. Ra1 Rf8 39. Nxc4 dxc4 40.
Kxc4 Rd2 41. Kc3 Re2 42. Rc5 f2 43. Rf1 Rd8 44. Rd1 Re8 45. Rf1 R2xe5 46. Rxe5
Rxe5 47. Rxf2 Rxg5 48. Rh2 Rd5 49. Kc4 Rd7 50. h6 g5 51. Ra2 f6 52. Kc5 Kf7 53.
Kc6 Rd1 54. Ra8 Kg6 55. Rf8 f5 56. Kc5 f4 57. Kc4 Kxh6 58. Kc3 Kh5 59. Kc2 Rd7
60. Rf7 Rxf7 0-1

[Event "33. Open Ciudad de San Sebastian"]
[Site "San Sebastián ESP"]
[Date "2010.04.01"]
[Round "6.38"]
[White "Lakunza Plazaola, Asier"]
[Black "Bello Castano, Diego"]
[Result "1-0"]
[WhiteElo "2093"]
[BlackElo "1911"]
[PlyCount "37"]
[EventDate "2010.03.28"]
[EventType "swiss"]
[EventRounds "9"]
[EventCountry "ESP"]
[Source "lmi"]
[SourceDate "2010.03.28"]

1. e4 c6 2. d4 d5 3. e5 Bf5 4. Nf3 e6 5. Be2 c5 6. Be3 Nd7 7. O-O Ne7 8. c4
dxc4 9. Na3 Bd3 10. Nxc4 Bxc4 11. Bxc4 cxd4 12. Nxd4 Nc6 13. Nxc6 bxc6 14. Qa4
Qc7 15. Rac1 Nb6 16. Bxb6 Qxb6 17. Bxe6 Qb5 18. Bb3 Bb4 19. Rxc6 1-0

[Event "33. Open Ciudad de San Sebastian"]
[Site "San Sebastián ESP"]
[Date "2010.04.01"]
[Round "6.39"]
[White "Tung, Siu Hung"]
[Black "Aranaz Murillo, Amalia"]
[Result "0-1"]
[WhiteElo "1864"]
[BlackElo "2083"]
[PlyCount "56"]
[EventDate "2010.03.28"]
[EventType "swiss"]
[EventRounds "9"]
[EventCountry "ESP"]
[Source "lmi"]
[SourceDate "2010.03.28"]

1. e4 c6 2. d4 d5 3. e5 c5 4. c3 Nc6 5. Nf3 Bg4 6. Be2 e6 7. Nbd2 Nh6 8. h3
Bxf3 9. Nxf3 cxd4 10. Nxd4 Nxe5 11. Bf4 Nc6 12. Bb5 Qb6 13. Qe2 Be7 14. a4 O-O
15. Nxc6 bxc6 16. Bd3 Nf5 17. O-O Bd6 18. Bg5 Ne7 19. Qg4 Ng6 20. Qh5 Qxb2 21.
Rac1 Qb8 22. f4 f5 23. Rce1 Re8 24. g4 Bxf4 25. gxf5 Bxg5 26. Qxg5 exf5 27.
Rxe8+ Qxe8 28. Qxf5 Qe3+ 0-1

[Event "33. Open Ciudad de San Sebastian"]
[Site "San Sebastián ESP"]
[Date "2010.04.01"]
[Round "6.41"]
[White "Buiza Prieto, Aizbeltz"]
[Black "Navarro Rivas, Rashid"]
[Result "1/2-1/2"]
[WhiteElo "1812"]
[BlackElo "2046"]
[PlyCount "145"]
[EventDate "2010.03.28"]
[EventType "swiss"]
[EventRounds "9"]
[EventCountry "ESP"]
[Source "lmi"]
[SourceDate "2010.03.28"]

1. e4 Nc6 2. Nf3 e5 3. Bc4 Bc5 4. c3 Nf6 5. d3 d6 6. h3 Bb6 7. Nbd2 Na5 8. Bb5+
Bd7 9. Bxd7+ Nxd7 10. a4 a6 11. b4 Nc6 12. Nc4 Ba7 13. Bg5 f6 14. Bd2 O-O 15.
Nh4 Ne7 16. Qg4 d5 17. Ne3 Bxe3 18. Bxe3 Rf7 19. O-O Nf8 20. Bc5 Nfg6 21. Nf5
Nxf5 22. exf5 Ne7 23. f4 b6 24. Bxe7 Rxe7 25. Rfe1 Qd6 26. fxe5 fxe5 27. Re3
Rf8 28. Rae1 Qf6 29. Rf3 Rfe8 30. Rfe3 c6 31. Kh1 Rf7 32. Rf3 Rfe7 33. Rfe3 Qf7
34. Qf3 Qf6 35. Qg4 g6 36. Rf3 Rg7 37. c4 gxf5 38. Qxf5 Qxf5 39. Rxf5 Rge7 40.
Kg1 Kg7 41. cxd5 cxd5 42. d4 exd4 43. Rxe7+ Rxe7 44. Rxd5 Re4 45. Rd7+ Kf6 46.
b5 axb5 47. axb5 Ke6 48. Rd8 h5 49. g3 Re5 50. Rxd4 Rxb5 51. Kf2 Kf6 52. Ke3
Kg5 53. g4 h4 54. Ke4 Rb3 55. Rd3 Rb4+ 56. Ke5 Rb1 57. Kd6 Rg1 58. Rd5+ Kf4 59.
Rb5 Kg3 60. g5 Kxh3 61. Ke6 Rg3 62. Kf6 Kg2 63. Rxb6 Rf3+ 64. Kg7 h3 65. Rh6 h2
66. Rxh2+ Kxh2 67. g6 Kg3 68. Kh8 Kf4 69. g7 Rh3+ 70. Kg8 Kg5 71. Kf7 Rh7 72.
Kf8 Rxg7 73. Kxg7 1/2-1/2

[Event "33. Open Ciudad de San Sebastian"]
[Site "San Sebastián ESP"]
[Date "2010.04.01"]
[Round "6.42"]
[White "Berdote Alonso, Carlos"]
[Black "Pasanen, Tuomo"]
[Result "1/2-1/2"]
[WhiteElo "1443"]
[BlackElo "2041"]
[PlyCount "53"]
[EventDate "2010.03.28"]
[EventType "swiss"]
[EventRounds "9"]
[EventCountry "ESP"]
[Source "lmi"]
[SourceDate "2010.03.28"]

1. e4 c6 2. c4 d5 3. cxd5 cxd5 4. exd5 Nf6 5. Nf3 Nxd5 6. Bb5+ Nd7 7. O-O e6 8.
d4 Bd6 9. Nbd2 O-O 10. Ne4 Be7 11. a3 N7f6 12. Bd3 Nxe4 13. Bxe4 f5 14. Bc2 Bd6
15. Re1 Qf6 16. Qd3 Bd7 17. Bb3 Rfe8 18. Bxd5 exd5 19. Bd2 f4 20. Bb4 Bxb4 21.
axb4 Bf5 22. Qb5 Be4 23. Ne5 Rxe5 24. dxe5 Qg6 25. Rxe4 dxe4 26. Qd5+ Kh8 27.
Re1 1/2-1/2

[Event "33. Open Ciudad de San Sebastian"]
[Site "San Sebastián ESP"]
[Date "2010.04.01"]
[Round "6.44"]
[White "Alonso Arburu, Juan Ignacio"]
[Black "Izagirre Alsua, Aritz"]
[Result "1-0"]
[WhiteElo "2372"]
[BlackElo "1820"]
[PlyCount "77"]
[EventDate "2010.03.28"]
[EventType "swiss"]
[EventRounds "9"]
[EventCountry "ESP"]
[Source "lmi"]
[SourceDate "2010.03.28"]

1. e4 c5 2. Nf3 d6 3. g3 g6 4. Bg2 Bg7 5. O-O Nc6 6. c3 e6 7. d4 cxd4 8. cxd4
Nge7 9. Nc3 O-O 10. Bg5 Qd7 11. Qd2 Re8 12. h4 a6 13. Bh3 b5 14. Rad1 Qb7 15.
Bg2 Qc7 16. Rc1 Qa5 17. Rfd1 Bd7 18. Bf4 d5 19. e5 b4 20. Ne2 Qb6 21. Nh2 b3
22. a3 Na5 23. Rc3 Bb5 24. Bf1 Rac8 25. Ng4 Red8 26. Bg5 Rxc3 27. Nxc3 Nac6 28.
Bxb5 axb5 29. Bf6 Nf5 30. Bxd8 Qxd8 31. Nxb5 Qb6 32. a4 h5 33. Nf6+ Kh8 34. Qc3
Nce7 35. Kg2 Nc6 36. Rc1 Bxf6 37. Qxc6 Bd8 38. Qe8+ Kg7 39. Rc8 1-0

[Event "33. Open Ciudad de San Sebastian"]
[Site "San Sebastián ESP"]
[Date "2010.04.01"]
[Round "6.45"]
[White "Miguelez Garcia, Erlantz"]
[Black "D'amade, Philippe"]
[Result "1-0"]
[WhiteElo "1958"]
[BlackElo "1810"]
[PlyCount "83"]
[EventDate "2010.03.28"]
[EventType "swiss"]
[EventRounds "9"]
[EventCountry "ESP"]
[Source "lmi"]
[SourceDate "2010.03.28"]

1. c4 e6 2. Nc3 d5 3. d4 Bb4 4. e3 Nf6 5. Bd3 c5 6. Nge2 Nc6 7. O-O O-O 8. dxc5
Bxc5 9. a3 dxc4 10. Bxc4 a6 11. b4 Bd6 12. Ng3 Qc7 13. Qb3 b5 14. Be2 Bb7 15.
f4 Rfd8 16. Bb2 Rac8 17. Kh1 Qb6 18. Nce4 Nxe4 19. Nxe4 Be7 20. Ng5 Bxg5 21.
fxg5 Rd5 22. h4 Ne7 23. e4 Rd2 24. Bf3 Rcc2 25. Bc1 Rf2 26. Be3 Rxf1+ 27. Rxf1
Qc7 28. Bc5 Rc4 29. Qd3 Ng6 30. Rd1 h6 31. Qd8+ Qxd8 32. Rxd8+ Kh7 33. gxh6
Kxh6 34. h5 Ne5 35. Rh8+ Kg5 36. Be3+ Kf6 37. h6 gxh6 38. Rxh6+ Ng6 39. e5+
Kxe5 40. Bxb7 Rc3 41. Rh3 Kf5 42. Rh5+ 1-0

[Event "33. Open Ciudad de San Sebastian"]
[Site "San Sebastián ESP"]
[Date "2010.04.01"]
[Round "6.47"]
[White "Severri Arrese, Carlos"]
[Black "D Anna Razzetti, Juan Pablo"]
[Result "0-1"]
[WhiteElo "1925"]
[BlackElo "1804"]
[PlyCount "75"]
[EventDate "2010.03.28"]
[EventType "swiss"]
[EventRounds "9"]
[EventCountry "ESP"]
[Source "lmi"]
[SourceDate "2010.03.28"]

1. d4 d5 2. e3 e6 3. c4 c6 4. Nc3 Nf6 5. Qc2 Nbd7 6. Nf3 Bd6 7. Bd2 b6 8. Bd3
Bb7 9. O-O O-O 10. Rfe1 e5 11. dxe5 Nxe5 12. Nxe5 Bxe5 13. g3 dxc4 14. Bxc4 Ng4
15. Be2 Nf6 16. Bf3 Rc8 17. Rad1 Qe7 18. Bg2 Rfd8 19. Bh3 Rc7 20. Bc1 Nd5 21.
a3 Bc8 22. Bxc8 Rcxc8 23. Rxd5 cxd5 24. Nxd5 Rxc2 25. Nxe7+ Kf8 26. Nf5 Bxb2
27. Bxb2 Rxb2 28. Rc1 g6 29. Nd4 Ra2 30. Rc3 Rd5 31. h4 Rc5 32. Rb3 Rc1+ 33.
Kg2 Rca1 34. Rc3 Rb1 35. e4 Re1 36. Kf3 Rf1 37. Ne2 Raa1 38. Nd4 0-1

[Event "33. Open Ciudad de San Sebastian"]
[Site "San Sebastián ESP"]
[Date "2010.04.01"]
[Round "6.48"]
[White "Bas Mas, Miguel"]
[Black "Kopischke, Maik"]
[Result "0-1"]
[WhiteElo "1801"]
[BlackElo "1911"]
[PlyCount "88"]
[EventDate "2010.03.28"]
[EventType "swiss"]
[EventRounds "9"]
[EventCountry "ESP"]
[Source "lmi"]
[SourceDate "2010.03.28"]

1. e4 d6 2. d4 Nf6 3. Nc3 g6 4. Be2 Bg7 5. h4 c6 6. Nf3 Bg4 7. Be3 Qa5 8. Qd2
Nbd7 9. Rg1 b5 10. Bd3 b4 11. Ne2 c5 12. c4 Qc7 13. Nf4 Bxf3 14. gxf3 cxd4 15.
Bxd4 e5 16. Nd5 Nxd5 17. cxd5 exd4 18. Qxb4 Rb8 19. Qa3 Ne5 20. Ke2 Nxd3 21.
Kxd3 Qb6 22. Rac1 O-O 23. b3 Qb5+ 24. Rc4 Be5 25. h5 Bf4 26. Rg4 g5 27. h6 Rfc8
28. Qa4 Qxa4 29. bxa4 Rxc4 30. Kxc4 Kf8 31. Kxd4 Rb4+ 32. Kc3 Rxa4 33. Kb3 Rd4
34. Kc3 Rd1 35. a4 Rb1 36. Rg2 f6 37. Kc4 Kf7 38. Kc3 Kg6 39. Kc2 Rb4 40. Rg1
Rxa4 41. Rb1 Ra2+ 42. Kd1 Rxf2 43. Rb7 Kxh6 44. Rxa7 Rxf3 0-1

[Event "33. Open Ciudad de San Sebastian"]
[Site "San Sebastián ESP"]
[Date "2010.04.01"]
[Round "6.49"]
[White "Fernandez Zubitur, Jokin"]
[Black "Aguado Zabaleta, Felix"]
[Result "1/2-1/2"]
[WhiteElo "1908"]
[BlackElo "1775"]
[PlyCount "44"]
[EventDate "2010.03.28"]
[EventType "swiss"]
[EventRounds "9"]
[EventCountry "ESP"]
[Source "lmi"]
[SourceDate "2010.03.28"]

1. b4 e6 2. Bb2 Nf6 3. a3 d5 4. e3 Bd7 5. Nf3 c5 6. bxc5 Bxc5 7. Ne5 O-O 8. Nc3
a6 9. Be2 Be8 10. O-O Nc6 11. Nxc6 Bxc6 12. Bf3 Rc8 13. Ne2 Ba4 14. Nc3 Bc6 15.
Re1 Rc7 16. d3 Ba7 17. Qd2 Qe7 18. Rec1 Rd8 19. Ne2 e5 20. g3 Nd7 21. c4 dxc4
22. Bxc6 Rxc6 1/2-1/2

[Event "33. Open Ciudad de San Sebastian"]
[Site "San Sebastián ESP"]
[Date "2010.04.01"]
[Round "6.50"]
[White "Navarro Vallejo, Jonathan"]
[Black "Fuente San Sebastian, Ernesto"]
[Result "1-0"]
[WhiteElo "1795"]
[BlackElo "1897"]
[PlyCount "69"]
[EventDate "2010.03.28"]
[EventType "swiss"]
[EventRounds "9"]
[EventCountry "ESP"]
[Source "lmi"]
[SourceDate "2010.03.28"]

1. e4 Nf6 2. e5 Nd5 3. Bc4 Nb6 4. Bb3 e6 5. f4 Nc6 6. Nf3 Na5 7. O-O Nxb3 8.
axb3 d5 9. d4 c5 10. Be3 Qc7 11. Nbd2 Bd7 12. Ng5 h6 13. Qh5 g6 14. Qh3 cxd4
15. Bxd4 Bc5 16. c3 Ke7 17. Ngf3 Kf8 18. Qh4 Be7 19. Qg3 Bb5 20. Rfc1 Rc8 21.
Qf2 Bc5 22. Bxc5+ Qxc5 23. Qxc5+ Rxc5 24. Rxa7 Ba6 25. Nd4 Kg7 26. b4 Nc4 27.
bxc5 Nxd2 28. b4 Bc4 29. Rxb7 g5 30. Nxe6+ Kg6 31. Nd4 gxf4 32. b5 Re8 33. c6
Rxe5 34. c7 f3 35. Nxf3 1-0

[Event "33. Open Ciudad de San Sebastian"]
[Site "San Sebastián ESP"]
[Date "2010.04.01"]
[Round "6.51"]
[White "Bayrakdar Bianco, Philippe"]
[Black "Nortes Hernandez, Pedro"]
[Result "0-1"]
[WhiteElo "1745"]
[BlackElo "1896"]
[PlyCount "40"]
[EventDate "2010.03.28"]
[EventType "swiss"]
[EventRounds "9"]
[EventCountry "ESP"]
[Source "lmi"]
[SourceDate "2010.03.28"]

1. e4 c5 2. Nf3 e6 3. d4 cxd4 4. Nxd4 Nc6 5. Be3 a6 6. Nd2 Qc7 7. c3 Nf6 8. f4
Be7 9. Bd3 d6 10. N2f3 O-O 11. O-O b6 12. Nxc6 Qxc6 13. e5 Ng4 14. Bd4 Bb7 15.
exd6 Bxd6 16. Ne1 f5 17. h3 Nf6 18. Qf3 Nd5 19. c4 Nxf4 20. Qg3 Ne2+ 0-1

[Event "33. Open Ciudad de San Sebastian"]
[Site "San Sebastián ESP"]
[Date "2010.04.01"]
[Round "6.55"]
[White "Aizpurua Zufiria, Inaki"]
[Black "Zaballa Zarzosa, Jon"]
[Result "0-1"]
[WhiteElo "1648"]
[BlackElo "1872"]
[PlyCount "68"]
[EventDate "2010.03.28"]
[EventType "swiss"]
[EventRounds "9"]
[EventCountry "ESP"]
[Source "lmi"]
[SourceDate "2010.03.28"]

1. d4 Nf6 2. Nf3 e6 3. e3 b6 4. Bd3 Bb7 5. Nbd2 c5 6. O-O Nc6 7. a3 Be7 8. b3
O-O 9. Bb2 Rc8 10. Rc1 d5 11. Ne5 Qc7 12. f4 Rfd8 13. Rf3 Ne4 14. Rh3 h6 15.
Nxe4 Nxe5 16. fxe5 dxe4 17. Be2 cxd4 18. exd4 Bg5 19. c4 Bxc1 20. Qxc1 Kf8 21.
Qf1 Qe7 22. Bg4 Kg8 23. d5 b5 24. Be2 bxc4 25. d6 Qg5 26. Rg3 Qd2 27. Bc1 Qd4+
28. Be3 Qxe5 29. Bxh6 g6 30. Kh1 Qxd6 31. Be3 cxb3 32. Rg4 Rc2 33. h3 Rxe2 34.
Qxe2 Qd1+ 0-1

[Event "33. Open Ciudad de San Sebastian"]
[Site "San Sebastián ESP"]
[Date "2010.04.01"]
[Round "6.61"]
[White "Delgado Canton, Manuel"]
[Black "Bas Sanchez, Jose Joaquin"]
[Result "0-1"]
[WhiteElo "1620"]
[BlackElo "1764"]
[PlyCount "84"]
[EventDate "2010.03.28"]
[EventType "swiss"]
[EventRounds "9"]
[EventCountry "ESP"]
[Source "lmi"]
[SourceDate "2010.03.28"]

1. e4 e6 2. d4 d5 3. e5 c5 4. c3 Nc6 5. Nf3 Qb6 6. Be2 a5 7. Qb3 Qxb3 8. axb3
cxd4 9. cxd4 Nge7 10. Bb5 Bd7 11. Bd2 b6 12. O-O Nxe5 13. Bxd7+ Nxd7 14. b4 Nc6
15. bxa5 bxa5 16. Rc1 Nb4 17. Rxa5 Rb8 18. Rc7 Bd6 19. Rca7 Nc6 20. Na3 Nxa5
21. Rxa5 Ke7 22. Nb5 Rb6 23. Nxd6 Kxd6 24. Bc3 Rc8 25. Kf1 f6 26. Ke2 g5 27.
Kd3 h6 28. Ra7 Rcb8 29. Kc2 e5 30. Ra2 e4 31. Nd2 f5 32. Nf1 f4 33. Kd2 Nf6 34.
Ra7 Ke6 35. Ra2 Kf5 36. Ra5 Rc6 37. Ra2 Rbb6 38. Ra5 Ra6 39. Rc5 Rcb6 40. Rc8
Ra1 41. Ke2 f3+ 42. gxf3 exf3+ 0-1

[Event "33. Open Ciudad de San Sebastian"]
[Site "San Sebastián ESP"]
[Date "2010.04.01"]
[Round "6.62"]
[White "Lazkano Gaite, Tomas"]
[Black "Vicente Ezeiza, Mikel"]
[Result "1-0"]
[WhiteElo "1741"]
[BlackElo "1674"]
[PlyCount "103"]
[EventDate "2010.03.28"]
[EventType "swiss"]
[EventRounds "9"]
[EventCountry "ESP"]
[Source "lmi"]
[SourceDate "2010.03.28"]

1. d4 d5 2. Nf3 Nf6 3. c4 c6 4. Bg5 dxc4 5. Bxf6 exf6 6. Nc3 Bb4 7. a3 Bxc3+ 8.
bxc3 Bf5 9. Nh4 Qd5 10. Nxf5 Qxf5 11. f3 Qa5 12. Qc2 Nd7 13. Qe4+ Kd8 14. Qc2
Nb6 15. e4 Re8 16. Be2 Kc7 17. O-O Re6 18. Qd2 Qg5 19. f4 Qh6 20. Qe3 f5 21. e5
Nd5 22. Qd2 b5 23. Rf3 Rg6 24. Raf1 Rg4 25. Kh1 Rh4 26. h3 Qe6 27. Rb1 f6 28.
Kh2 Rb8 29. g3 Rh6 30. a4 g5 31. axb5 g4 32. Rff1 Rxh3+ 33. Kg2 cxb5 34. Rh1
Qc6 35. Kf2 Rxh1 36. Rxh1 Rh8 37. Ra1 Kb6 38. Qa2 Qb7 39. Bf1 Nxc3 40. Qa5+ Kc6
41. Qxc3 Qb6 42. Ke3 fxe5 43. fxe5 Re8 44. Kf4 Rd8 45. Bg2+ Kc7 46. Qa5 Rxd4+
47. Kxf5 c3 48. Qxc3+ Kb8 49. Qc6 Qxc6 50. Bxc6 b4 51. e6 Kc7 52. e7 1-0

[Event "33. Open Ciudad de San Sebastian"]
[Site "San Sebastián ESP"]
[Date "2010.04.01"]
[Round "6.63"]
[White "Orube Bona, Andoni"]
[Black "Moreiro Sanchez, Silvestre"]
[Result "1-0"]
[WhiteElo "1732"]
[BlackElo "1636"]
[PlyCount "106"]
[EventDate "2010.03.28"]
[EventType "swiss"]
[EventRounds "9"]
[EventCountry "ESP"]
[Source "lmi"]
[SourceDate "2010.03.28"]

1. e4 c5 2. Nc3 e6 3. f4 d6 4. Nf3 a6 5. g3 Be7 6. Bg2 b5 7. d3 Bb7 8. Be3 Qc7
9. O-O Nd7 10. e5 d5 11. d4 c4 12. Rc1 Nh6 13. b3 b4 14. Ne2 c3 15. Bh3 a5 16.
Ra1 Ba6 17. Ne1 Bxe2 18. Qxe2 O-O 19. f5 Nxf5 20. Bxf5 exf5 21. Rxf5 g6 22. Rf2
f5 23. exf6 Nxf6 24. Bf4 Qd7 25. Be5 Ng4 26. Rxf8+ Rxf8 27. Nd3 g5 28. Rf1
Rxf1+ 29. Qxf1 Bd6 30. Bxd6 Qxd6 31. Qf5 Nf6 32. Qxg5+ Kh8 33. Ne5 Qe7 34. Kg2
Qe6 35. Qh6 Kg8 36. g4 Qe7 37. Qg5+ Qg7 38. Qf5 h6 39. h3 Qg5 40. Qe6+ Kh7 41.
Qf7+ Qg7 42. Qxg7+ Kxg7 43. Nc6 Ne4 44. Nxa5 Nd6 45. Nc6 Nb5 46. Kf3 Kf6 47.
Kf4 Nxd4 48. Nxb4 Ke6 49. h4 Kd6 50. g5 hxg5+ 51. hxg5 Nb5 52. Ke3 Ke6 53. Kd3
Kf5 1-0

[Event "33. Open Ciudad de San Sebastian"]
[Site "San Sebastián ESP"]
[Date "2010.04.01"]
[Round "6.66"]
[White "Santesteban Gonzalez, Begona"]
[Black "Fernandez Lopez, Ivan"]
[Result "1-0"]
[WhiteElo "1588"]
[BlackElo "1472"]
[PlyCount "119"]
[EventDate "2010.03.28"]
[EventType "swiss"]
[EventRounds "9"]
[EventCountry "ESP"]
[Source "lmi"]
[SourceDate "2010.03.28"]

1. e4 d5 2. exd5 Qxd5 3. Nc3 Qa5 4. d4 c6 5. Nf3 Nf6 6. Bd2 Qc7 7. Be2 Bg4 8.
O-O e6 9. a3 Nbd7 10. Re1 Bd6 11. h3 Bf5 12. Qc1 h6 13. Nh4 Be4 14. Bc4 Bh7 15.
d5 cxd5 16. Bxd5 Nxd5 17. Nxd5 Qc4 18. Bc3 Qxh4 19. Qd2 O-O 20. Nb4 Bxb4 21.
axb4 Rfd8 22. Qd4 Qxd4 23. Bxd4 Nb6 24. c3 Rd6 25. Bc5 Rc6 26. Red1 a6 27. Be3
Kf8 28. b5 Rcc8 29. Bxb6 axb5 30. Rxa8 Rxa8 31. Rd7 Be4 32. b4 Ke8 33. Rc7 Bc6
34. Bc5 Ra1+ 35. Kh2 Ra3 36. c4 Rc3 37. cxb5 Bxb5 38. Rxb7 Bd7 39. Bd4 Rc2 40.
Rb8+ Rc8 41. Rxc8+ Bxc8 42. Bxg7 h5 43. Kg3 Ba6 44. h4 Bd3 45. Kf4 Ke7 46. Ke5
Bf1 47. g3 Bd3 48. Bf6+ Kd7 49. Bg5 Bg6 50. Kf6 Kd6 51. Be3 Kd5 52. b5 Kd6 53.
b6 Kc6 54. Kg5 Kb7 55. f3 Kc6 56. g4 hxg4 57. fxg4 Kb7 58. h5 Bh7 59. Kf6 Bg8
60. Kg7 1-0

[Event "33. Open Ciudad de San Sebastian"]
[Site "San Sebastián ESP"]
[Date "2010.04.01"]
[Round "6.67"]
[White "Campos Urbaneja, Ricardo"]
[Black "Benson, Nicola"]
[Result "1/2-1/2"]
[WhiteElo "1547"]
[BlackElo "1377"]
[PlyCount "110"]
[EventDate "2010.03.28"]
[EventType "swiss"]
[EventRounds "9"]
[EventCountry "ESP"]
[Source "lmi"]
[SourceDate "2010.03.28"]

1. e4 d5 2. exd5 Nf6 3. Nf3 Nxd5 4. d4 g6 5. c3 Bg7 6. Bd3 O-O 7. O-O Nc6 8.
Nbd2 e5 9. Nb3 Bg4 10. Be3 Re8 11. Be2 e4 12. Nfd2 Bxe2 13. Qxe2 f5 14. f4 Nf6
15. Nc4 a6 16. Rad1 Qe7 17. Ne5 Nxe5 18. dxe5 Ng4 19. Rd3 Rad8 20. Rfd1 Rxd3
21. Rxd3 Nxe3 22. Qxe3 Rd8 23. Rd4 Rxd4 24. Qxd4 Kf8 25. Nc5 c6 26. Qd6 Qxd6
27. exd6 Ke8 28. Nxb7 Kd7 29. Nc5+ Kxd6 30. Nxa6 c5 31. Kf2 Kd5 32. Ke3 Bf8 33.
b3 c4 34. b4 Bd6 35. a4 Kc6 36. g3 Kb6 37. b5 Ka5 38. Kd4 Kxa4 39. b6 Ka5 40.
Nb4 Kxb6 41. Nd5+ Kb5 42. Ke3 Bc5+ 43. Ke2 Ka4 44. h3 Kb3 45. g4 Ba3 46. gxf5
gxf5 47. Kd2 Bb2 48. Ne3 Bxc3+ 49. Ke2 Bb2 50. Nxf5 c3 51. Nd4+ Kc4 52. Ke3 Ba3
53. Kxe4 Bc5 54. Nc2 Kb3 55. Kd3 Be7 1/2-1/2

[Event "33. Open Ciudad de San Sebastian"]
[Site "San Sebastián ESP"]
[Date "2010.04.02"]
[Round "7.2"]
[White "Spraggett, Kevin"]
[Black "Tratar, Marko"]
[Result "0-1"]
[WhiteElo "2580"]
[BlackElo "2486"]
[PlyCount "80"]
[EventDate "2010.03.28"]
[EventType "swiss"]
[EventRounds "9"]
[EventCountry "ESP"]
[Source "lmi"]
[SourceDate "2010.03.28"]

1. c4 e5 2. Nc3 Nc6 3. g3 g6 4. Bg2 Bg7 5. e4 d6 6. Nge2 h5 7. h4 Bg4 8. f3 Be6
9. d3 Qd7 10. Bg5 Nce7 11. Qc2 c5 12. Nd5 Nc6 13. a3 Rc8 14. Rb1 Nd4 15. Qd1 b5
16. Nec3 f6 17. Be3 bxc4 18. dxc4 Ne7 19. Qd3 O-O 20. O-O f5 21. Bg5 Bxd5 22.
cxd5 a5 23. f4 Rb8 24. Rf2 fxe4 25. Bxe4 Nef5 26. Rbf1 c4 27. Qxc4 Nxg3 28. Re1
exf4 29. Bg2 Qg4 30. Kh2 Be5 31. Rxe5 dxe5 32. d6+ Kh8 33. Qd5 Qe6 34. d7 Rbd8
35. Bxd8 Rxd8 36. Qxe6 Nxe6 37. Bc6 Nd4 38. Ba4 Kg7 39. Nd5 Ne4 40. Rf1 Nc5 0-1

[Event "33. Open Ciudad de San Sebastian"]
[Site "San Sebastián ESP"]
[Date "2010.04.02"]
[Round "7.3"]
[White "Movsziszian, Karen"]
[Black "Cabrera, Alexis"]
[Result "1-0"]
[WhiteElo "2530"]
[BlackElo "2533"]
[PlyCount "145"]
[EventDate "2010.03.28"]
[EventType "swiss"]
[EventRounds "9"]
[EventCountry "ESP"]
[Source "lmi"]
[SourceDate "2010.03.28"]

1. g3 Nf6 2. Bg2 d5 3. Nf3 g6 4. O-O Bg7 5. d3 O-O 6. c3 c5 7. Nbd2 Nc6 8. e4
e5 9. exd5 Nxd5 10. Re1 Re8 11. a4 h6 12. Nc4 Qc7 13. a5 Bf5 14. Nfd2 Rad8 15.
Ne4 Bf8 16. a6 b6 17. Ne3 Bxe4 18. Bxe4 Nxe3 19. Bxe3 Ne7 20. Qa4 Qc8 21. Rad1
Nd5 22. Bc1 Re6 23. Bg2 Re7 24. Qh4 Ree8 25. Bxh6 Bxh6 26. Qxh6 Qxa6 27. Ra1
Qxd3 28. Rad1 Qc4 29. Re4 Ne3 30. Re1 Nf5 31. Qg5 Qd3 32. h4 Ng7 33. Rxe5 Rxe5
34. Rxe5 Re8 35. Rxe8+ Nxe8 36. Bd5 Nf6 37. Bc6 Qd6 38. Bf3 Kg7 39. h5 Qe6 40.
hxg6 fxg6 41. Kg2 Nd7 42. Qd8 Nf6 43. Qc7+ Qd7 44. Qe5 Kf7 45. c4 Qe7 46. Qf4
Kg7 47. b3 Ne8 48. Qb8 Nd6 49. Bd5 Ne8 50. Kf1 Nf6 51. Bb7 Ne8 52. Qxa7 Nd6 53.
Qa1+ Kh7 54. Bd5 Nf5 55. Qa8 Qf6 56. Kg2 Nd4 57. Qg8+ Kh6 58. Qe8 Kg7 59. Qe3
Nc2 60. Qd2 Qf5 61. Bb7 Kh7 62. Qd8 Ne1+ 63. Kg1 Qb1 64. Qe7+ Kh6 65. Kh2 Qd1
66. Qf8+ Kh7 67. Bd5 Qh5+ 68. Kg1 Nd3 69. Bg8+ Kh8 70. Bf7+ Kh7 71. Qg8+ Kh6
72. Qh8+ Kg5 73. Qd8+ 1-0

[Event "33. Open Ciudad de San Sebastian"]
[Site "San Sebastián ESP"]
[Date "2010.04.02"]
[Round "7.4"]
[White "Alonso Rosell, Alvar"]
[Black "Gleizerov, Evgeny"]
[Result "0-1"]
[WhiteElo "2509"]
[BlackElo "2565"]
[PlyCount "140"]
[EventDate "2010.03.28"]
[EventType "swiss"]
[EventRounds "9"]
[EventCountry "ESP"]
[Source "lmi"]
[SourceDate "2010.03.28"]

1. d4 e6 2. c4 f5 3. Nc3 Nf6 4. e3 b6 5. Bd3 Bb7 6. f3 Nh5 7. Nge2 Bd6 8. O-O
Qh4 9. f4 Nf6 10. d5 exd5 11. cxd5 Nxd5 12. Nxd5 Bxd5 13. Bxf5 Bb7 14. Ng3 Na6
15. Be4 Bxe4 16. Nxe4 Be7 17. Qa4 Nc5 18. Nxc5 bxc5 19. Bd2 Qg4 20. Bc3 O-O 21.
Qc4+ Kh8 22. Rf3 Qf5 23. e4 Qf7 24. Qd3 d6 25. Raf1 Qxa2 26. Rg3 Rf7 27. e5
dxe5 28. Rh3 h6 29. Bxe5 Bf6 30. Qc3 Re8 31. Re3 Qd5 32. Rfe1 Bxe5 33. fxe5 Qd4
34. h3 Re6 35. Kh1 Rf2 36. Qb3 Rb6 37. Qa3 Rbxb2 38. Rd3 Qh4 39. Qxc5 Qg5 40.
Qd5 Rxg2 41. Qd8+ Qxd8 42. Rxd8+ Kh7 43. Rd7 Rh2+ 44. Kg1 Rbg2+ 45. Kf1 Rc2 46.
Kg1 Rhg2+ 47. Kh1 a5 48. e6 Rge2 49. Rxe2 Rxe2 50. Rxc7 Rxe6 51. Ra7 Re5 52.
Ra6 h5 53. Kg2 h4 54. Kf3 g5 55. Kg4 Kg7 56. Kh5 Kf7 57. Rd6 Ke7 58. Rd4 Ke6
59. Kg4 Rb5 60. Kh5 Rd5 61. Rc4 Kd6 62. Ra4 Kc6 63. Ra1 Kb5 64. Rb1+ Kc4 65.
Ra1 Kb3 66. Rb1+ Kc2 67. Ra1 Kb2 68. Ra4 Kb3 69. Ra1 a4 70. Rb1+ Kc2 0-1

[Event "33. Open Ciudad de San Sebastian"]
[Site "San Sebastián ESP"]
[Date "2010.04.02"]
[Round "7.5"]
[White "Korneev, Oleg"]
[Black "Alvarez Fernandez, Enrique"]
[Result "1-0"]
[WhiteElo "2558"]
[BlackElo "2366"]
[PlyCount "49"]
[EventDate "2010.03.28"]
[EventType "swiss"]
[EventRounds "9"]
[EventCountry "ESP"]
[Source "lmi"]
[SourceDate "2010.03.28"]

1. e4 c6 2. d4 d6 3. Nc3 g6 4. Be3 Bg7 5. Qd2 Nd7 6. Nf3 b5 7. Bd3 Nb6 8. h3
Rb8 9. b3 Bd7 10. O-O Nf6 11. Bh6 O-O 12. Bxg7 Kxg7 13. Rfe1 b4 14. Ne2 c5 15.
a3 a5 16. axb4 axb4 17. dxc5 dxc5 18. Qg5 Qc7 19. e5 Nfd5 20. Ng3 h6 21. Nh5+
Kh7 22. Qh4 Kg8 23. e6 gxh5 24. Qxh5 Kg7 25. Nh4 1-0